000 00840cam a2200265 i 4500
001 19020596
005 20180130033641.0
008 160318s2015 nyu b 001 0 eng
010 _a 2016295187
020 _a9781454840916
020 _a1454840919
040 _aDLC
_beng
_erda
_cDLC
041 _aeng
042 _apcc
043 _an-us---
080 _a34 EMA
082 _a34 EMA
100 1 _a14
101 _aJUR
245 1 0 _aTorts /
_cSteven L. Emanuel, founder & editor-in-chief, Emanuel Law Outlines and Emanuel Bar Review, Harvard Law School, J. D. 1976 member, NY, CT, MD and VA bars.
504 _aIncludes bibliographical references and index.
906 _a7
_bcbc
_corigcop
_d2
_encip
_f20
_gy-gencatlg
942 _2ddc
_cBK
999 _c41218
_d41218